00506 a2200181 450000100060000002000150000604000240002110000220004524000380006724500330010530000070013836200090014544000110015465000310016594200070019695201040020399900170030769861 a8526008870 cAnchieta - Itaigara aLessa, Orígenes10aA pedra no sapato do heróilpor10aA pedra no sapato do herói a940 a2004 1aGlobal 4aLiteratura infanto-juvenil cBK 00104070a88.1b88.1d2023-11-21l0o028.5 LES PEDp2667/ITAr2023-11-21 20:04:37w2023-11-21yBK c69861d69861